[Event "ROM-ch U12 Boys"]
[Site "Voineasa"]
[Date "2008.04.15"]
[Round "5"]
[White "Puscas, Bogdan Marin"]
[Black "Petrescu, Daniel"]
[Result "0-1"]
[WhiteElo "401"]
[BlackElo "425"]
[PlyCount "52"]
[EventDate "2008.04.08"]
[EventType "swiss"]
[EventRounds "9"]
[EventCountry "ROU"]
[SourceTitle "EXT 2013"]
[Source "ChessBase"]
[SourceDate "2012.11.22"]
[SourceVersion "1"]
[SourceVersionDate "2012.11.22"]
[SourceQuality "1"]

1. e4 c5 2. Nf3 Nc6 3. Bb5 Nf6 4. Nc3 e6 5. d3 d5 6. 0-0 Bd7 7. Bxc6 Bxc6 8. exd5 exd5 9. d4 b6 10. Qe2+ Be7 11. Bf4 0-0 12. Nb5 Re8 13. Nc7 Nh5 14. Nxa8 Nxf4 15. Qd2 Bd6 16. Rfe1 Qxa8 17. Rxe8+ Qxe8 18. Re1 Qd7 19. g3 Nh3+ 20. Kg2 h6 21. c3 Qg4 22. Ne5 Bxe5 23. Rxe5 Ng5 24. Qe2 Qh3+ 25. Kg1 Bb5 26. Qe1 Nf3+ 0-1

[Event "ROM-ch U12 Boys"]
[Site "Voineasa"]
[Date "2008.04.13"]
[Round "3"]
[White "Puscas, Bogdan Marin"]
[Black "Oros, Andrei"]
[Result "0-1"]
[WhiteElo "401"]
[BlackElo "446"]
[PlyCount "98"]
[EventDate "2008.04.08"]
[EventType "swiss"]
[EventRounds "9"]
[EventCountry "ROU"]
[SourceTitle "EXT 2013"]
[Source "ChessBase"]
[SourceDate "2012.11.22"]
[SourceVersion "1"]
[SourceVersionDate "2012.11.22"]
[SourceQuality "1"]

1. e4 e5 2. Nf3 Nc6 3. d3 h6 4. Nc3 Nf6 5. g3 d6 6. Bg2 Be6 7. 0-0 Qd7 8. Qe2 0-0-0 9. Bd2 Bh3 10. a3 Bxg2 11. Kxg2 Qg4 12. Qe3 g5 13. d4 h5 14. Nxg5 exd4 15. Qe2 dxc3 16. Qxg4+ Nxg4 17. Bxc3 Rd7 18. Bxh8 Bh6 19. Nf3 f6 20. h3 Nge5 21. Bxf6 Nxf3 22. Kxf3 Rf7 23. Kg2 Rxf6 24. Rfd1 Nb4 25. Rd4 Nxc2 26. Rad1 Nxd4 27. Rxd4 Rg6 28. f3 Bf4 29. g4 hxg4 30. fxg4 Be5 31. Ra4 a6 32. b3 c5 33. b4 cxb4 34. Rxb4 Rg7 35. Rc4+ Kb8 36. Kf3 Rd7 37. g5 b5 38. Rb4 Kc7 39. Kg4 Kc6 40. Rb1 Rb7 41. Rf1 Rg7 42. h4 b4 43. h5 a5 44. h6 Rg8 45. Kh5 a4 46. g6 b3 47. Rf3 b2 48. Rb3 d5 49. exd5+ Kxd5 0-1